LEADER 02736nam 22004453 450 001 9910915695703321 005 20231110215007.0 010 $a9789004527638$b(electronic bk.) 035 $a(MiAaPQ)EBC30196657 035 $a(Au-PeEL)EBL30196657 035 $a(CKB)25207655700041 035 $a(EXLCZ)9925207655700041 100 $a20221029d2022 uy 0 101 0 $aeng 135 $aurcnu|||||||| 181 $ctxt$2rdacontent 182 $cc$2rdamedia 183 $acr$2rdacarrier 200 10$aHegel's Theory of Self-Conscious Life 205 $a1st ed. 210 1$aBoston :$cBRILL,$d2022. 210 4$d©2023. 215 $a1 online resource (165 pages) 225 1 $aCritical Studies in German Idealism 311 08$aPrint version: Seddone, Guido Hegel's Theory of Self-Conscious Life Boston : BRILL,c2022 327 $aHalf Title -- Series Information -- Title Page -- Copyright Page -- Contents -- Acknowledgements -- Introduction -- Chapter 1 Science of Logic: The Logical Premises of Hegel's Naturalism -- 1 -- 2 -- 3 -- 4 -- 5 -- 6 -- 7 -- 8 -- 9 -- Chapter 2 Self-consciousness -- 1 -- 2 -- 3 -- 4 -- 5 -- 6 -- Chapter 3 The Hegelian Theory about the (Human) Biological Organism -- 1 -- 2 -- 3 -- 4 -- 5 -- 6 -- Chapter 4 Extended and Embodied Mind -- 1 -- 2 -- 3 -- 4 -- Chapter 5 Natural and Self-conscious Agency -- 1 -- 2 -- 3 -- 4 -- 5 -- 6 -- 7 -- Chapter 6 Normativity and Freedom -- 1 -- 2 -- 3 -- 4 -- Chapter 7 Naturalizing World Human History: Hegel's Philosophy of History -- 1 -- 2 -- 3 -- 4 -- References and Abbreviations -- Hegelian Literature -- Kantian Literature -- Works Cited -- Index. 330 $a"This book strives to deal with Hegel's thought by means of a thorough, unitarian and logical approach and to enforce the idea that philosophy is rigorous as far as it is able to consistently tackle the question of self-consciousness. It results that the logic underlying every philosophical interest traces back to the self-referring investigation about life in the mode of self-consciousness, by which social practices and their history can be grasped. Once we assess that self-consciousness is life through the concept, we would be able to realize the logical structure underlying its historical outcomes"--$cProvided by publisher. 410 0$aCritical Studies in German Idealism 606 $aSelf-consciousness (Awareness) 606 $aConsciousness 615 0$aSelf-consciousness (Awareness) 615 0$aConsciousness. 676 $a126.092 700 $aSeddone$b Guido$0798707 801 0$bMiAaPQ 801 1$bMiAaPQ 801 2$bMiAaPQ 912 $a9910915695703321 996 $aHegel's Theory of Self-Conscious Life$94301826 997 $aUNINA LEADER 02581nam0 2200517 i 450 001 LO10523049 005 20251003044211.0 010 $a8815076018 020 $aIT$b2001-4787 100 $a20000526d2000 ||||0itac50 ba 101 | $aita 102 $ait 181 1$6z01$ai $bxxxe 182 1$6z01$an 200 1 $aˆLo ‰Stato regolatore$fAntonio La Spina, Giandomenico Majone 210 $aBologna$cIl mulino$d[2000] 215 $a368 p.$d22 cm. 225 | $aSaggi$v518 410 0$1001CFI0000015$12001 $aSaggi$v518 606 $aPolitica sociale$2FIR$3CFIC000750$9E 606 $aWelfare state$2FIR$3CFIC006342$9E 606 $aPolitica sociale$2FIR$3CFIC000750$9E 606 $aWelfare state$2FIR$3CFIC006342$9E 676 $a320.1$9STATO$v20 676 $a338.9$9SVILUPPO ECONOMICO$v19 676 $a338.9$9SVILUPPO ECONOMICO$v21 676 $a342$9DIRITTO COSTITUZIONALE E AMMINISTRATIVO$v21 676 $a361.65$9PROBLEMI SOCIALI E ASSISTENZA SOCIALE. STATO SOCIALE$v21 696 $aStato assistenziale$aStato sociale 696 $aStato assistenziale$aStato sociale 699 $aWelfare state$yStato assistenziale 699 $aWelfare state$yStato sociale 699 $aWelfare state$yStato assistenziale 699 $aWelfare state$yStato sociale 700 1$aLa Spina$b, Antonio$f <1959- >$3CFIV061881$4070$0125745 701 1$aMajone$b, Giandomenico$3MILV004866$4070$0120919 801 3$aIT$bIT-000000$c20000526 850 $aIT-BN0095 $aIT-AV0007 $aIT-AV0045 901 $bNAP MV$cP $nSALA BIBLIOGRAFIA 901 $bNAP AV$cSEZ. M 3 $n$ 901 $bNAP 01$cPOZZO LIB.$nVi sono collocati fondi di economia, periodici di ingegneria e scienze, periodici di economia e statistica e altri fondi comprendenti documenti di economia pervenuti in dono. 912 $aLO10523049 950 0$aBiblioteca Centralizzata di Ateneo$c1 v. in tre copie$d 01POZZO LIB.ECON MON 4668$e 0101 0000313375E VMA (ter 1 v. (3. copia. - Precedente collocazione: 31 EC 337)$fB $h20221003$i20221003$c1 v. in tre copie$d 01POZZO LIB.ECON MON 4668$e 01AR 0700301675E VMA (bis 1 v. (2. copia; Precedente collocazione 30 EC 167 (AR)$fB $h20140724$i20140724$c1 v. in tre copie$d 01POZZO LIB.ECON MON 4668$e 01C 0080025135E VMA 1 v. (Precedente collocazione: EC C 00 2513)$fB $h20130218$i20130218 977 $a 01$a AV$a MV 996 $aStato regolatore$964133 997 $aUNISANNIO